000 00662nam a2200157 a 4500
008 210224s2013 ||||||||||||||||| || u
020 _a9781454827467
050 _aKF 8841 Gla
100 _aGlannon, Joseph W
245 1 4 _aThe Glannon guide to civil procedure through multiple-choice questions and analysis.(3rd edition)
_cBy Joseph W. Glannon
250 _a3rd edition
260 _aNew York
_bWolters Kluwer
_c2013
300 _axi,542 pages:illustrations
650 _aCIVIL PROCEDURE--UNITED STATES
995 _FCBU-MAIN LIBRARY (Kitwe)
_M1
_UAVAILABLE
_WMar 30, 2021
_ZMain Library Open Access Collection
999 _c44593
_d44593